|
|
|
|
| LEADER |
00000nam0a2200000 4500 |
| 001 |
294075 |
| 005 |
20231102000645.0 |
| 035 |
|
|
|a (RuTPU)RU\TPU\book\319125
|
| 090 |
|
|
|a 294075
|
| 100 |
|
|
|a 20150508d1963 km y0rusy50 ca
|
| 101 |
0 |
|
|a rus
|
| 102 |
|
|
|a RU
|
| 105 |
|
|
|a a z 001zy
|
| 200 |
1 |
|
|a Теория и конструкция балансировочных машин
|f под ред. В. А. Щепетильникова
|
| 210 |
|
|
|a Москва
|c Машгиз
|d 1963
|
| 215 |
|
|
|a 444 с.
|c ил.
|
| 606 |
1 |
|
|a Балансировочные машины
|x Уравновешивание
|2 stltpush
|3 (RuTPU)RU\TPU\subj\27995
|9 51618
|
| 610 |
1 |
|
|a теория
|
| 610 |
1 |
|
|a конструкции
|
| 610 |
1 |
|
|a балансировка
|
| 610 |
1 |
|
|a точность
|
| 610 |
1 |
|
|a дисбалансы
|
| 610 |
1 |
|
|a устранение
|
| 610 |
1 |
|
|a обзор
|
| 675 |
|
|
|a 62-755
|v 3
|
| 702 |
|
1 |
|a Щепетильников
|b В. А.
|g Владимир Алексеевич
|4 340
|
| 801 |
|
1 |
|a RU
|b 63413507
|c 20150508
|
| 801 |
|
2 |
|a RU
|b 63413507
|c 20230130
|g RCR
|
| 942 |
|
|
|c BK
|